Perspectives on Embodiment : The Intersections of Nature and Culture /

Uloženo v:
Podrobná bibliografie
Hlavní autor: Weiss, Gail (ed.)
Další autoři: Haber, Honi Fern (edición) (edición)
Médium: Kniha
Jazyk:angličtina
Vydáno: Nueva York, EUA : Routledge, 1999, c1999
Témata:
Tagy: Přidat tag
Žádné tagy, Buďte první, kdo vytvoří štítek k tomuto záznamu!

MARC

LEADER 00000nam^a2200000^a^4500
001 000170630
005 20250521000000.0
009 20260310101317.485
020 |a 0-415-91586-4 
037 |a Acervo ITESO - Biblioteca 
041 |a ING 
082 |a 306. 01  |b WEI 
100 |a Weiss, Gail  |e (ed.) 
245 1 0 |a Perspectives on Embodiment :  |b The Intersections of Nature and Culture /  |c Ed. G. Weiss, H.F. Haber. 
264 4 |a Nueva York, EUA :  |b Routledge,  |c 1999, c1999 
300 |a XVIII, 
336 |a texto  |b txt  |2 rdacontenido 
337 |a sin mediación  |b n  |2 rdamedio 
338 |a volumen  |b nc  |2 rdasoporte 
649 |a XX 
650 |a Alma y Cuerpo 
650 |a Encarnación 
650 |a Muerte 
650 |a Cuerpo Humano -  |x Filosofía 
650 |a Imagen Personal -  |x Filosofía 
650 |a Percepción Social 
650 |a Percepción 
650 |a Identidad Personal 
650 |a Derecho de Propiedad 
650 |a Autoconcepto 
650 |a Diferencia y Otredad 
650 |a Neurociencias 
650 |a Psicología Social 
650 |a Psicoanálisis Lacaniano 
650 |a Escuela Francesa de Psicoanálisis 
650 |a Psicoanálisis y Sociedad 
650 |a Cultura 
650 |a Ecología 
650 |a Antropología Cultural 
650 |a Fenomenología 
650 |a Filosofía Analítica 
650 |a Antropología Filosófica 
700 |a Haber, Honi Fern  |e (edición) 
910 |a Fondo General 
920 |a Impresos - Libros 
930 |a Colección General 
905 |a 101 
901 |a 0500107642  |b IT1  |c ACC  |u 20250521 
902 |a https://opac.biblio.iteso.mx/vufind/Record/000170630